000 00728nam a22002177a 4500
999 _c14408
_d14408
003 AR-CdUCM
008 190423b ||||| |||| 00| 0 spa d
020 _a978-84-205-5331-3
040 _aMUNICIPALIDAD PROVINCIAL DEL CUSCO
_cBIBLIOTECA MUNICIPAL DEL CUSCO
041 _hspa
082 _aEP / 803 /
_bD53
_22ed.
100 _aAmo, Montserrat del
_933168
245 _aAl alimón, que se ha roto la fuente /
260 _aMadrid :
_bPearson Alhambra,
_c2008.
300 _a47 páginas ;
_bIlustraciones,
_c20 cm.
505 _aContenido: Al alimón, que se ha roto la fuente.
650 _aCuentos infantiles
_93927
700 _aGonzáles, Tesa (ilustración)
_933169
942 _2ddc
_cLIBROS
945 _acmm
_d2019-04-23